| 000 | 01021cam a2200289Ia 4500 | ||
|---|---|---|---|
| 001 | 25489539 | ||
| 003 | OCoLC | ||
| 005 | 20180621134105.0 | ||
| 008 | 920317s1990 nyua j 000 1 spa d | ||
| 020 |
_a0590441949 (pbk.) : _c$15.00 |
||
| 020 | _a9780590441940 (pbk.) | ||
| 040 |
_aBPL _cBPL _dTMI _dOCL _dOCLCQ _dJRS |
||
| 041 |
_aspa _heng |
||
| 050 | 0 | 0 |
_aPZ74.9.F85 _bCo 1990 |
| 100 | 1 |
_aFreeman, Don, _d1908-1978. |
|
| 245 | 1 | 0 |
_aCorduroy / _cescrito e ilustrado por Don Freeman. |
| 250 | _aEd. espanola. | ||
| 260 |
_aNew York : _bScholastic Inc., _cc1990. |
||
| 300 |
_a32 p. : _bcol. ill. ; _c19 x 23 cm. |
||
| 500 | _aTranslation of: Corduroy. | ||
| 500 | _a"Published ... by arrangement with Viking Penguin ..."--T.p. verso. | ||
| 520 | _aA toy bear in a department store wants a number of things, but when a little girl finally buys him he finds what he has always wanted most of all. | ||
| 650 | 1 | _aSpanish language materials. | |
| 650 | 1 |
_aBears _vFiction. |
|
| 650 | 1 |
_aToys _vFiction. |
|
| 942 | _cBK | ||
| 999 |
_c20928 _d20928 |
||